[Event "Veliko Gradiste Silver Lake op-A"]
[Site "Veliko Gradiste"]
[Date "2017.06.23"]
[Round "7"]
[White "Lyell, Mark"]
[Black "Dodic, Dragan"]
[Result "1-0"]
[WhiteElo "2270"]
[BlackElo "2060"]
[PlyCount "91"]
[EventDate "2017.06.18"]
[EventType "swiss"]
[EventRounds "9"]
[EventCountry "SRB"]
[SourceTitle "CBM 179 Extra"]
[Source "ChessBase"]
[SourceDate "2017.08.23"]
[SourceVersion "1"]
[SourceVersionDate "2017.08.23"]
[SourceQuality "1"]

1. e4 c6 2. d4 d5 3. exd5 cxd5 4. c4 Nf6 5. Nc3 Nc6 6. Bg5 e6 7. Nf3 Be7 8. c5 Ne4 9. Bxe7 Nxe7 10. Qc2 f5 11. Ne5 0-0 12. f3 Nf6 13. Bd3 Nd7 14. Nxd7 Bxd7 15. Qf2 Nc6 16. 0-0 Qf6 17. Bb5 Nb8 18. Rfe1 a6 19. Bxd7 Nxd7 20. b4 Nb8 21. b5 axb5 22. Nxb5 Ra4 23. Qe3 Nc6 24. Qxe6+ Qxe6 25. Rxe6 Rb4 26. a4 Ra8 27. Rae1 Rbxa4 28. Nd6 g6 29. Nxb7 Nxd4 30. Rd6 f4 31. Rxd5 Nc2 32. Rc1 Ne3 33. Rd8+ Rxd8 34. Nxd8 Nd5 35. Ne6 Kf7 36. Ng5+ Kf6 37. Nxh7+ Ke5 38. Nf8 g5 39. Nd7+ Ke6 40. c6 Ra7 41. Nc5+ Ke5 42. Ne4 g4 43. Nc3 Ne7 44. Nb5 Ra2 45. fxg4 Nc8 46. Re1+ 1-0

[Event "Veliko Gradiste Silver Lake op"]
[Site "Veliko Gradiste"]
[Date "2016.06.25"]
[Round "8"]
[White "Dodic, Dragan"]
[Black "Batyte, Daiva"]
[Result "1/2-1/2"]
[WhiteElo "2033"]
[BlackElo "2206"]
[PlyCount "45"]
[EventDate "2016.06.19"]
[EventType "swiss"]
[EventRounds "9"]
[EventCountry "SRB"]
[SourceTitle "EXT 2017"]
[Source "ChessBase"]
[SourceDate "2016.10.25"]
[SourceVersion "1"]
[SourceVersionDate "2016.10.25"]
[SourceQuality "1"]

1. d4 Nf6 2. Nf3 g6 3. Bg5 Bg7 4. Nbd2 d5 5. e3 Nbd7 6. Bd3 0-0 7. 0-0 Re8 8. c4 c5 9. Qb3 cxd4 10. exd4 dxc4 11. Nxc4 Nb6 12. Nxb6 Qxb6 13. Qxb6 axb6 14. h3 Be6 15. a3 h6 16. Be3 Nd5 17. Be4 Red8 18. Rac1 Rac8 19. Rxc8 Rxc8 20. Rc1 Rd8 21. Bxd5 Bxd5 22. Ne5 b5 23. Rc5 1/2-1/2

[Event "Veliko Gradiste Silver Lake op"]
[Site "Veliko Gradiste"]
[Date "2016.06.20"]
[Round "3"]
[White "Dinev, Dejan"]
[Black "Dodic, Dragan"]
[Result "1-0"]
[WhiteElo "2294"]
[BlackElo "2033"]
[PlyCount "51"]
[EventDate "2016.06.19"]
[EventType "swiss"]
[EventRounds "9"]
[EventCountry "SRB"]
[SourceTitle "EXT 2017"]
[Source "ChessBase"]
[SourceDate "2016.10.25"]
[SourceVersion "1"]
[SourceVersionDate "2016.10.25"]
[SourceQuality "1"]

1. d4 d5 2. Nf3 Nf6 3. g3 e6 4. Bg2 Be7 5. 0-0 0-0 6. c4 c6 7. Nc3 Nbd7 8. b3 Ne4 9. Nxe4 dxe4 10. Nd2 f5 11. e3 e5 12. Bb2 exd4 13. exd4 Bg5 14. Qe2 Nf6 15. f3 Re8 16. fxe4 Bxd2 17. Qxd2 Nxe4 18. Qc2 Bd7 19. Rae1 Nf6 20. d5 cxd5 21. Rxe8+ Nxe8 22. Bxd5+ Kh8 23. Qf2 Nd6 24. c5 Ne4 25. Bxe4 fxe4 26. Qf7 1-0

[Event "Veliko Gradiste Silver Lake op"]
[Site "Veliko Gradiste"]
[Date "2016.06.20"]
[Round "2"]
[White "Dodic, Dragan"]
[Black "Milosevic, Milos"]
[Result "1/2-1/2"]
[WhiteElo "2033"]
[BlackElo "2186"]
[PlyCount "84"]
[EventDate "2016.06.19"]
[EventType "swiss"]
[EventRounds "9"]
[EventCountry "SRB"]
[SourceTitle "EXT 2017"]
[Source "ChessBase"]
[SourceDate "2016.10.25"]
[SourceVersion "1"]
[SourceVersionDate "2016.10.25"]
[SourceQuality "1"]

1. d4 Nf6 2. Nf3 d6 3. Bg5 Ne4 4. Bf4 c5 5. e3 Qb6 6. Qc1 cxd4 7. exd4 Nc6 8. c3 Bg4 9. Be2 Rc8 10. Nbd2 d5 11. h3 Bh5 12. Qb1 Bg6 13. Qc1 e6 14. 0-0 Be7 15. Be3 0-0 16. Nxe4 Bxe4 17. Ne5 Nxe5 18. dxe5 Bc5 19. Bxc5 Qxc5 20. Qe3 Qxe3 21. fxe3 f6 22. exf6 gxf6 23. Rac1 Kf7 24. Kh2 Rc7 25. Rfd1 Rg8 26. Bf3 Bxf3 27. gxf3 Rg5 28. Rd4 Re5 29. Re1 Rc8 30. Ra4 a6 31. Rb4 Rc7 32. Kg3 Rd7 33. a4 Ke7 34. Kf2 Kd8 35. Rg1 Kc7 36. a5 Rf5 37. Rg8 Rf7 38. Rbg4 Rh5 39. h4 Kc6 40. Rb4 Kc7 41. Rbg4 Kc6 42. Rb4 Kc7 1/2-1/2

[Event "SRB-ch Central"]
[Site "Kragujevac"]
[Date "2015.03.13"]
[Round "7"]
[White "Ratkovic, Petar"]
[Black "Dodic, Dragan"]
[Result "1/2-1/2"]
[WhiteElo "1816"]
[BlackElo "2060"]
[PlyCount "34"]
[EventDate "2015.03.09"]
[EventType "swiss"]
[EventRounds "9"]
[EventCountry "SRB"]
[SourceTitle "CBM 165 Extra"]
[Source "ChessBase"]
[SourceDate "2015.04.21"]
[SourceVersion "1"]
[SourceVersionDate "2015.04.21"]
[SourceQuality "1"]

1. d4 d5 2. c4 c6 3. Nc3 Nf6 4. Nf3 a6 5. a4 e6 6. Bf4 Bb4 7. e3 Ne4 8. Qc2 0-0 9. Bd3 f5 10. 0-0 a5 11. h3 Bd6 12. Bxd6 Qxd6 13. Ne5 Nd7 14. f4 Nxc3 15. bxc3 Nxe5 16. fxe5 Qe7 17. c5 Bd7 1/2-1/2

[Event "SRB Central-ch op-A 7th"]
[Site "Paracin"]
[Date "2014.07.05"]
[Round "3"]
[White "Ardeleanu, Alin"]
[Black "Dodic, Dragan"]
[Result "1-0"]
[WhiteElo "2338"]
[BlackElo "2102"]
[PlyCount "73"]
[EventDate "2014.07.04"]
[EventType "swiss"]
[EventRounds "9"]
[EventCountry "SRB"]
[SourceTitle "CBM 161 Extra"]
[Source "ChessBase"]
[SourceDate "2014.08.29"]
[SourceVersion "1"]
[SourceVersionDate "2014.08.29"]
[SourceQuality "1"]

1. e4 c6 2. Nc3 d5 3. Qf3 dxe4 4. Nxe4 Nd7 5. d4 Ndf6 6. c3 Nxe4 7. Qxe4 Nf6 8. Qc2 Qd5 9. Ne2 Bf5 10. Qb3 Qxb3 11. axb3 e6 12. b4 Bd3 13. Nf4 Bxf1 14. Kxf1 Bd6 15. Nd3 g6 16. Bf4 Bxf4 17. Nxf4 0-0-0 18. Nd3 Rhe8 19. h4 h5 20. Rh3 Ng4 21. Re1 a6 22. f3 Nh6 23. Ne5 Re7 24. Kf2 Kc7 25. Nc4 Rd5 26. Rhh1 Re8 27. Re2 Re7 28. Ra1 Re8 29. Ne5 Re7 30. g4 Rd8 31. Kg3 Rd5 32. Nd3 Rd8 33. Re5 Ree8 34. Raa5 Rd5 35. Nf4 Rxa5 36. Rxa5 hxg4 37. fxg4 1-0

[Event "SRB Central-ch op-A 7th"]
[Site "Paracin"]
[Date "2014.07.05"]
[Round "2"]
[White "Dodic, Dragan"]
[Black "Zajic, Milan"]
[Result "0-1"]
[WhiteElo "2102"]
[BlackElo "2415"]
[PlyCount "58"]
[EventDate "2014.07.04"]
[EventType "swiss"]
[EventRounds "9"]
[EventCountry "SRB"]
[SourceTitle "CBM 161 Extra"]
[Source "ChessBase"]
[SourceDate "2014.08.29"]
[SourceVersion "1"]
[SourceVersionDate "2014.08.29"]
[SourceQuality "1"]

1. d4 e6 2. Nf3 c5 3. c4 cxd4 4. Nxd4 a6 5. Nc3 Qc7 6. e3 Nf6 7. Be2 Be7 8. 0-0 0-0 9. b3 d5 10. Bb2 dxc4 11. Bxc4 b5 12. Be2 e5 13. Nf3 Rd8 14. Qc1 e4 15. Nd4 Bd6 16. h3 Qc5 17. f4 exf3 18. Bxf3 Ra7 19. Nce2 Qg5 20. e4 Qe5 21. Nf5 Qh2+ 22. Kf2 Bxf5 23. Bxf6 gxf6 24. exf5 Rc7 25. Qb1 Bc5+ 26. Ke1 Re7 27. Be4 Rde8 28. Rf4 Qxf4 29. Nxf4 Rxe4+ 0-1

[Event "SRB Central-ch op-A 6th"]
[Site "Paracin"]
[Date "2013.07.12"]
[Round "9"]
[White "Dodic, Dragan"]
[Black "Radovanovic, Mihajlo"]
[Result "0-1"]
[WhiteElo "2141"]
[BlackElo "1878"]
[PlyCount "66"]
[EventDate "2013.07.05"]
[EventType "swiss"]
[EventRounds "9"]
[EventCountry "SRB"]
[SourceTitle "EXT 2014"]
[Source "ChessBase"]
[SourceDate "2013.11.20"]
[SourceVersion "1"]
[SourceVersionDate "2013.11.20"]
[SourceQuality "1"]

1. d4 Nf6 2. c4 g6 3. Nc3 Bg7 4. e4 0-0 5. Bd3 d6 6. h3 Nc6 7. Nf3 e5 8. d5 Ne7 9. g4 Bd7 10. Bg5 h6 11. Be3 Kh7 12. Nd2 Ne8 13. f3 Kh8 14. Nb3 f5 15. c5 fxe4 16. Bxe4 c6 17. h4 cxd5 18. Nxd5 Nxd5 19. Bxd5 Nc7 20. Be4 d5 21. Bxd5 Nxd5 22. Qxd5 Qf6 23. Nd2 Bc6 24. Qd6 Qf7 25. h5 g5 26. Qg6 Qd7 27. Qd6 Qf7 28. Qg6 Qd5 29. Rf1 e4 30. fxe4 Qd3 31. Bxg5 Qg3+ 32. Kd1 Rxf1+ 33. Nxf1 Qxg4+ 0-1

[Event "SRB Central-ch op-A 6th"]
[Site "Paracin"]
[Date "2013.07.08"]
[Round "4"]
[White "Dodic, Dragan"]
[Black "Todorovic, Radisa J"]
[Result "0-1"]
[WhiteElo "2141"]
[BlackElo "1960"]
[PlyCount "76"]
[EventDate "2013.07.05"]
[EventType "swiss"]
[EventRounds "9"]
[EventCountry "SRB"]
[SourceTitle "CBM 155 Extra"]
[Source "ChessBase"]
[SourceDate "2013.08.26"]
[SourceVersion "1"]
[SourceVersionDate "2013.08.26"]
[SourceQuality "1"]

1. d4 d5 2. c4 c6 3. Nc3 Nf6 4. Nf3 e6 5. e3 Nbd7 6. Be2 Bd6 7. cxd5 exd5 8. Qc2 0-0 9. Bd2 Re8 10. Bd3 Nf8 11. h3 b5 12. a3 a5 13. 0-0 Bd7 14. e4 dxe4 15. Nxe4 Nxe4 16. Bxe4 Rc8 17. Be3 Ng6 18. Rac1 Be6 19. Ng5 Bc4 20. Rfd1 a4 21. Rd2 Rc7 22. h4 Bd5 23. h5 f5 24. Bxf5 Rxe3 25. hxg6 hxg6 26. fxe3 Qxg5 27. e4 Bb3 28. Qd3 Bf4 29. Rc5 gxf5 30. Rxf5 Qh6 31. Rxf4 Qxf4 32. Rf2 Qc1+ 33. Kh2 Rf7 34. Rxf7 Bxf7 35. d5 Qf4+ 36. Kg1 Qd6 37. Qd4 cxd5 38. e5 Qc6 0-1

[Event "SRB-chT2 East CS"]
[Site "Serbia"]
[Date "2012.09.15"]
[Round "3.22"]
[White "Dodic, Dragan"]
[Black "Stankovic, Ivan G"]
[Result "0-1"]
[WhiteElo "2140"]
[BlackElo "2217"]
[PlyCount "74"]
[EventDate "2012.09.14"]
[EventType "team"]
[EventRounds "9"]
[EventCountry "SRB"]
[SourceTitle "EXT 2015"]
[Source "ChessBase"]
[SourceDate "2014.11.20"]
[SourceVersion "1"]
[SourceVersionDate "2014.11.20"]
[SourceQuality "1"]

1. d4 g6 2. c4 Bg7 3. Nc3 d6 4. e4 Nd7 5. Nf3 e5 6. d5 Ne7 7. Bd3 h6 8. Be3 f5 9. g3 Nf6 10. h3 0-0 11. Nh4 c6 12. f3 f4 13. gxf4 exf4 14. Bf2 cxd5 15. cxd5 Nd7 16. Qd2 Ne5 17. Be2 a6 18. 0-0-0 b5 19. a3 Bd7 20. Ng2 g5 21. Ne1 Rb8 22. Nc2 a5 23. b4 axb4 24. axb4 Qc7 25. Bd4 N7g6 26. Kb2 Nh4 27. Bxe5 Bxe5 28. Rh2 Rfc8 29. Nd4 Qa7 30. Nc6 Bxc6 31. dxc6 Qa4 32. Qd5+ Kh7 33. Rd4 Qa7 34. Rd3 Qg1 35. Qf7+ Bg7 36. Rxd6 Qxh2 37. e5 Rd8 0-1

[Event "Nis Svetosavski op"]
[Site "Nis"]
[Date "2011.01.22"]
[Round "3"]
[White "Mladenovic, Stefan"]
[Black "Dodic, Dragan"]
[Result "1-0"]
[WhiteElo "2107"]
[BlackElo "2148"]
[PlyCount "61"]
[EventDate "2011.01.21"]
[EventType "swiss"]
[EventRounds "5"]
[EventCountry "SRB"]
[SourceTitle "CBM 140 Extra"]
[Source "ChessBase"]
[SourceDate "2011.03.01"]
[SourceVersion "1"]
[SourceVersionDate "2011.03.01"]
[SourceQuality "1"]

1. d4 d5 2. Bf4 Nf6 3. e3 c5 4. c3 Nc6 5. Bd3 e6 6. Nf3 Bd6 7. Bg3 a6 8. a4 b6 9. Nbd2 Bb7 10. Ne5 Bxe5 11. dxe5 Nd7 12. f4 f5 13. exf6 Nxf6 14. Nf3 Qe7 15. 0-0 0-0 16. Ne5 c4 17. Bc2 Nxe5 18. fxe5 Ne4 19. Bxe4 dxe4 20. Qd6 Qxd6 21. exd6 Rad8 22. Rad1 Bc6 23. Rxf8+ Kxf8 24. Bh4 Rd7 25. Be7+ Kf7 26. Rf1+ Kg6 27. Rf8 Bxa4 28. Rb8 e5 29. Rxb6 Bb5 30. g4 Ra7 31. d7+ 1-0